000 00836nam0a22002291 4500
001 rc\2340882
005 20250622233811.0
035 _a(NLR Aleph) 006474735
090 _a5971782
_c5971782
100 _a20110829d1977 |||y0rusy50 ca
101 0 _arus
102 _aRU
105 _ay z |||||
200 1 _aТребования к диссертациям и порядок представления их к защите
_e(Краткое руководство)
_fРиж. высш. воен. командное училище им. Маршала Сов. Союза Бирюзова С.С.
210 _aРига
_cБ. и.
_d1977
215 _a18 с.
_d20
333 _aДля внутривед. продажи
801 0 _aRU
_bNLR
_gpsbo
801 1 _aRU
_bELAR
_2rusmarc
852 _aNLR
_j77-50К/4399
942 _cDISS
980 _aNB